[Event "SC Postbauer-Heng e.V. 1-SK Schwanstette"]
[Site "?"]
[Date "2012.11.18"]
[Round "3.2"]
[White "Röber, Jürgen"]
[Black "Kroneder, Christian"]
[Result "1/2-1/2"]
[WhiteElo "2066"]
[BlackElo "2014"]
[PlyCount "119"]
[EventDate "2012.??.??"]
[WhiteTeam "SC Postbauer-Heng e.V. 1"]
[BlackTeam "SK Schwanstetten 79 e.V. 1"]

1. e4 c5 2. c3 d5 3. exd5 Qxd5 4. d4 g6 5. Nf3 Bg7 6. Na3 cxd4 7. Nb5 Na6 8.
Nbxd4 Nf6 9. Bxa6 bxa6 10. O-O O-O 11. Qb3 Qd6 12. Re1 Ng4 13. h3 e5 14. Nc2 e4
15. Rxe4 Rb8 16. Bf4 Be5 17. Qc4 Bxf4 18. Rxf4 Rxb2 19. hxg4 Rxc2 20. Ng5 Be6
21. Nxe6 Qxe6 22. Qb3 Re2 23. Qxe6 fxe6 24. Rxf8+ Kxf8 25. a4 Rc2 26. Rb1 Rxc3
27. Rb8+ Kf7 28. Rb7+ Kf6 29. Rxa7 Rc4 30. Rxa6 Rxg4 31. f3 Rb4 32. Kf2 Rb2+
33. Kg3 g5 34. Ra8 Rb4 35. a5 Ra4 36. a6 h5 37. a7 Ke5 38. Rg8 Rxa7 39. Rxg5+
Kf6 40. Rxh5 Rg7+ 41. Kf2 Rb7 42. f4 Rb3 43. Re5 Ra3 44. g4 Rb3 45. g5+ Kf7 46.
Re3 Rb4 47. Kf3 Ra4 48. Rb3 Ra7 49. Rb5 Rc7 50. Ke4 Rd7 51. Ke5 Ra7 52. Rc5 Rd7
53. g6+ Kxg6 54. Kxe6 Ra7 55. f5+ Kg7 56. Rc6 Rf7 57. Ke5 Re7+ 58. Kf4 Re1 59.
Rc5 Kf6 60. Rc6+ 1/2-1/2

[Event "SC Postbauer-Heng e.V. 1-SK Schwanstette"]
[Site "?"]
[Date "2012.11.18"]
[Round "3.3"]
[White "Cipra, Lothar"]
[Black "Sippl, Martin"]
[Result "0-1"]
[WhiteElo "1953"]
[BlackElo "1989"]
[PlyCount "92"]
[EventDate "2012.??.??"]
[WhiteTeam "SK Schwanstetten 79 e.V. 1"]
[BlackTeam "SC Postbauer-Heng e.V. 1"]

1. d4 Nf6 2. c4 d6 3. Nc3 Nbd7 4. e4 e5 5. d5 Be7 6. Be3 Nf8 7. f3 Ng6 8. Qd2
Bd7 9. Bd3 h6 10. Nge2 Nh4 11. Ng3 Bh3 12. Bf1 g5 13. O-O-O Bd7 14. Bd3 a6 15.
Nf5 Nxf5 16. exf5 b5 17. g4 Qb8 18. h4 bxc4 19. Bxc4 gxh4 20. Bxh6 Qb4 21. Bb3
a5 22. Bg7 Rh7 23. Bxf6 Bxf6 24. Ne4 Be7 25. Bc2 Rh8 26. Qxb4 axb4 27. Kb1 Bb5
28. Rd2 Ra5 29. Bb3 Kd7 30. Kc2 Ba6 31. f6 Bf8 32. Rdh2 Bb7 33. Rxh4 Rxh4 34.
Rxh4 Bxd5 35. g5 Bxb3+ 36. Kxb3 d5 37. Ng3 c5 38. Rh8 c4+ 39. Kc2 Ra8 40. Nf5
d4 41. Rh7 Ke6 42. Ng3 Rxa2 43. Rh8 d3+ 44. Kc1 c3 45. bxc3 bxc3 46. Kb1 Ra8
0-1

[Event "SC Postbauer-Heng e.V. 1-SK Schwanstette"]
[Site "?"]
[Date "2012.11.18"]
[Round "3.4"]
[White "Fischer, Erich"]
[Black "Arlt, Michael"]
[Result "1-0"]
[WhiteElo "1979"]
[BlackElo "1925"]
[PlyCount "73"]
[EventDate "2012.??.??"]
[WhiteTeam "SC Postbauer-Heng e.V. 1"]
[BlackTeam "SK Schwanstetten 79 e.V. 1"]

1. Nf3 d5 2. b3 Bg4 3. Bb2 Nd7 4. d3 Bxf3 5. exf3 Ngf6 6. f4 e6 7. Nd2 Bd6 8.
g3 c5 9. Bg2 Qc7 10. Nf3 c4 11. dxc4 dxc4 12. bxc4 Bb4+ 13. c3 Be7 14. Qe2 O-O
15. O-O Nb6 16. Ne5 Bd6 17. c5 Bxc5 18. a4 Rac8 19. a5 Nbd7 20. c4 Be7 21. a6
bxa6 22. Nc6 Nc5 23. Ra5 Rfe8 24. Be5 Qb6 25. Nxe7+ Rxe7 26. Qa2 Nfd7 27. Rb1
Qd8 28. Bd6 Re8 29. Qa3 Nb6 30. Rxc5 Qxd6 31. Rxc8 Nxc8 32. c5 Qd4 33. Bb7 Ne7
34. c6 Nd5 35. Qd6 Qa4 36. c7 Nb6 37. Bc6 1-0

[Event "SC Postbauer-Heng e.V. 1-SK Schwanstette"]
[Site "?"]
[Date "2012.11.18"]
[Round "3.5"]
[White "Leonhardt, Frank"]
[Black "Grimm, Pascal"]
[Result "1-0"]
[WhiteElo "1886"]
[BlackElo "1898"]
[PlyCount "71"]
[EventDate "2012.??.??"]
[WhiteTeam "SK Schwanstetten 79 e.V. 1"]
[BlackTeam "SC Postbauer-Heng e.V. 1"]

1. e4 c5 2. Nf3 Nc6 3. c4 g6 4. d4 cxd4 5. Nxd4 Bg7 6. Be3 Nf6 7. Nc3 d6 8. Be2
O-O 9. O-O Bd7 10. Rc1 Nxd4 11. Bxd4 Bc6 12. f3 a5 13. b3 Nd7 14. Be3 Nc5 15.
Qc2 Qb6 16. Rb1 Qb4 17. Bd2 Qb6 18. Kh1 Rfc8 19. Rfd1 Ne6 20. Qc1 Qc7 21. Be3
Qb8 22. Qd2 Nc7 23. Bd3 b5 24. cxb5 Nxb5 25. Bxb5 Bxb5 26. Nd5 Re8 27. Rbc1 Ra6
28. Nc7 Ra8 29. Nxa8 Qxa8 30. Bd4 Bxd4 31. Qxd4 a4 32. b4 Bd7 33. a3 Be6 34.
Rc7 f6 35. Rdc1 Qb8 36. Qa7 1-0

[Event "SC Postbauer-Heng e.V. 1-SK Schwanstette"]
[Site "?"]
[Date "2012.11.18"]
[Round "3.6"]
[White "Nägelein, Andreas"]
[Black "Vogt, Peter"]
[Result "1/2-1/2"]
[WhiteElo "1940"]
[BlackElo "1885"]
[PlyCount "93"]
[EventDate "2012.??.??"]
[WhiteTeam "SC Postbauer-Heng e.V. 1"]
[BlackTeam "SK Schwanstetten 79 e.V. 1"]

1. d4 Nf6 2. Nf3 d5 3. Bf4 c6 4. e3 e6 5. Bd3 Bd6 6. Bg3 O-O 7. Nbd2 Na6 8. c3
b5 9. a3 Nc7 10. e4 dxe4 11. Bxd6 Qxd6 12. Bxe4 Bb7 13. O-O Rad8 14. Qc2 Ncd5
15. Bxd5 cxd5 16. Ne5 Ne4 17. Nb3 f6 18. Nd3 e5 19. f3 Ng5 20. a4 e4 21. Ndc5
Bc6 22. fxe4 bxa4 23. Nd2 Nxe4 24. Ndxe4 dxe4 25. Nxe4 Qd5 26. Nc5 Rde8 27.
Rae1 Bb5 28. Nd3 Qb3 29. Qd2 Bxd3 30. Qxd3 Qxb2 31. Qc4+ Kh8 32. Rxe8 Rxe8 33.
Qxa4 Re2 34. Qc6 h6 35. Qc8+ Kh7 36. Qg4 Rc2 37. Re1 Rc1 38. Qe4+ Kh8 39. Qe8+
Kh7 40. Qe4+ Kh8 41. Rxc1 Qxc1+ 42. Kf2 Qxc3 43. Qa8+ Kh7 44. Qxa7 Qd2+ 45. Kf3
Qd3+ 46. Kf2 Qd2+ 47. Kf3 1/2-1/2

[Event "SC Postbauer-Heng e.V. 1-SK Schwanstette"]
[Site "?"]
[Date "2012.11.18"]
[Round "3.7"]
[White "Schulz, Wilfried"]
[Black "Hoffmann, Ayar"]
[Result "1/2-1/2"]
[WhiteElo "1859"]
[BlackElo "1839"]
[PlyCount "48"]
[EventDate "2012.??.??"]
[WhiteTeam "SK Schwanstetten 79 e.V. 1"]
[BlackTeam "SC Postbauer-Heng e.V. 1"]

1. e4 c5 2. Nc3 Nc6 3. g3 g6 4. Bg2 Bg7 5. d3 d6 6. f4 f5 7. Nf3 Nf6 8. O-O O-O
9. Kh1 Kh8 10. Be3 Qc7 11. Qd2 Be6 12. Rae1 Rad8 13. Ng5 Bg8 14. Bg1 h6 15. Nf3
fxe4 16. Nh4 Bf7 17. dxe4 e5 18. Nd5 Nxd5 19. exd5 Ne7 20. fxe5 dxe5 21. c4 g5
22. Nf3 Bg6 23. Qc1 Bd3 24. Rf2 Nf5 1/2-1/2

[Event "SC Postbauer-Heng e.V. 1-SK Schwanstette"]
[Site "?"]
[Date "2012.11.18"]
[Round "3.8"]
[White "Ceglar, Michael"]
[Black "Arlt, Birgit"]
[Result "1/2-1/2"]
[WhiteElo "1873"]
[BlackElo "1611"]
[PlyCount "123"]
[EventDate "2012.??.??"]
[WhiteTeam "SC Postbauer-Heng e.V. 1"]
[BlackTeam "SK Schwanstetten 79 e.V. 1"]

1. e4 e5 2. Nc3 Nf6 3. f4 d6 4. Bc4 Nc6 5. d3 Bg4 6. Qd2 Nd4 7. Qf2 Bd7 8. Be3
Ng4 9. Bxd4 Nxf2 10. Bxf2 exf4 11. Nf3 Be6 12. Nd5 c6 13. Bh4 Qc8 14. Nxf4 Bxc4
15. dxc4 Qg4 16. Nd3 f6 17. O-O g5 18. Bf2 Be7 19. c5 O-O 20. Rae1 h5 21. Nd4
Qd7 22. Nf5 dxc5 23. Nxe7+ Qxe7 24. Bxc5 Qe6 25. Bxf8 Rxf8 26. a3 Qc4 27. Re2
Kg7 28. Rfe1 Qd4+ 29. Kf1 c5 30. b3 c4 31. Nf2 Qc5 32. a4 cxb3 33. cxb3 Qe5 34.
Kg1 Rc8 35. Rb1 Rc3 36. Rd2 Qe6 37. Rd5 Kg6 38. b4 a6 39. a5 Qc6 40. Nd3 b6 41.
Rd1 Kg7 42. h3 bxa5 43. bxa5 Qc4 44. Ne5 Qxe4 45. Rd7+ Kf8 46. Rd8+ Ke7 47.
R1d7+ Ke6 48. Re8+ Kf5 49. g4+ hxg4 50. hxg4+ Kf4 51. Nd3+ Rxd3 52. Rxe4+ Kxe4
53. Re7+ Kd5 54. Ra7 Rg3+ 55. Kf2 Rxg4 56. Rxa6 Rf4+ 57. Kg3 Kc5 58. Ra8 Ra4
59. a6 Kb6 60. a7 Rxa7 61. Rf8 Ra3+ 62. Kg2 1/2-1/2